|
|
|
|
| LEADER |
00000cas a2200000 a 4500 |
| 001 |
vtls008880629 |
| 003 |
SK-MaSNL |
| 005 |
20260228161415.0 |
| 008 |
000520c19982002xo qr|par 0 0 0sloo |
| 022 |
|
|
|a 1335-3462
|
| 035 |
|
|
|a (SVKBB03)vtls000046355
|
| 040 |
|
|
|a SVKBB
|b slo
|c SVKBB
|d SNK
|e AACR2
|
| 041 |
0 |
|
|a slo
|a eng
|
| 044 |
|
|
|a xo
|c SK
|
| 072 |
|
7 |
|a 33
|x Ekonómia
|2 konspekt
|
| 072 |
|
7 |
|a 339.5
|x Zahraničný obchod. Medzinárodný obchod
|2 konspekt
|
| 072 |
|
7 |
|a 339.7/.9
|x Svetová ekonomika a medzinárodné financie
|2 konspekt
|
| 072 |
|
7 |
|a 327
|x Medzinárodné vzťahy, svetová politika
|2 konspekt
|
| 080 |
|
|
|a 33
|2 2011
|
| 080 |
|
|
|a 339.5
|2 2011
|
| 080 |
|
|
|a 050
|2 2011
|
| 080 |
|
|
|a (051)-048.55
|2 2011
|
| 080 |
|
|
|a [339.923+327](4)
|2 2011
|
| 210 |
0 |
|
|a Euroforum
|b (Bratisl.)
|
| 222 |
|
0 |
|a Euroforum
|b (Bratislava)
|
| 245 |
0 |
0 |
|a Euroforum
|b integrácia Slovenska do EÚ
|
| 260 |
|
|
|a Bratislava
|b Judita Vámosiová-Media plus
|c 1998-[2002]
|
| 300 |
|
|
|a [5 zv.]
|c 30 cm
|
| 310 |
|
|
|a 4x ročne
|
| 362 |
0 |
|
|a 1998-[2002]
|
| 500 |
|
|
|a V r. 2000 boli vydané 3 špeciálne čísla
|
| 500 |
|
|
|a Šéfredaktor: Peter Vámosi
|
| 500 |
|
|
|a Registračné č. MK SR: 1907/98
|
| 546 |
|
|
|a Text aj v angličtine
|
| 550 |
|
|
|a Vydáva Judita Vámosiová - Media plus v spolupráci s Fondom na podporu zahraničného obchodu, Asociáciou zamestnávateľských zväzov a združení SR a Slovenskou obchodnou a priemyselnou komorou
|
| 650 |
0 |
7 |
|a ekonomika
|2 SNKPH
|9 789
|
| 650 |
0 |
7 |
|a zahraničný obchod
|2 SNKPH
|9 2200
|
| 650 |
0 |
7 |
|a európska integrácia
|2 SNKPH
|9 2140
|
| 655 |
|
7 |
|a špecializované časopisy
|2 SNKPH
|9 70509
|
| 700 |
1 |
|
|a Vámosi, Peter
|4 pbd
|9 268569
|
| 710 |
2 |
|
|a Fond na podporu zahraničného obchodu
|4 pbl
|9 34443
|
| 710 |
2 |
|
|a Asociácia zamestnávateľských zväzov a združení Slovenskej republiky
|4 pbl
|9 36719
|
| 710 |
2 |
|
|a Slovenská obchodná a priemyselná komora
|4 pbl
|9 17746
|
| 772 |
0 |
|
|t Slovak Trade Forum
|x 1335-5198
|w vtls008880742
|
| 910 |
|
|
|a snk
|
| 999 |
|
|
|c 5249
|d 7179
|
| 952 |
|
|
|0 0
|1 0
|4 0
|7 0
|8 0
|a SNK
|b SNK
|d 2020-08-10
|i snk2020/14017
|l 0
|o snkČSB 7546/1998
|p 17A1431445
|r 2026-02-21 20:26:56
|t č. 1-4
|w 2026-02-21
|y PREZ
|
| 952 |
|
|
|0 0
|1 0
|4 0
|7 0
|8 0
|a SNK
|b SNK
|d 2020-08-10
|i snk2020/14019
|l 0
|o snkČSB 7546/1999
|p 17A1431446
|r 2026-02-21 20:26:56
|t č. 1-2
|w 2026-02-21
|y PREZ
|
| 952 |
|
|
|0 0
|1 0
|4 0
|7 0
|8 0
|a SNK
|b SNK
|d 2020-08-10
|i snk2020/14020
|l 0
|o snkČSB 7546/2000
|p 17A1431447
|r 2026-02-21 22:08:51
|t č. 1-4 + 3 špecial. č., neúplné
|w 2026-02-21
|y PREZ
|z Chýba č. 2
|
| 952 |
|
|
|0 0
|1 0
|4 0
|7 0
|8 0
|a SNK
|b SNK
|d 2020-08-10
|i snk2020/14023
|l 0
|o snkČSB 7546/1998 D1
|p 17A1431448
|r 2026-02-21 22:08:51
|t č. 1-4, neúplné
|w 2026-02-21
|y PREZ
|z Chýba č. 2
|
| 952 |
|
|
|0 0
|1 0
|4 0
|7 0
|8 0
|a SNK
|b SNK
|d 2020-08-10
|i snk2020/14024
|l 0
|o snkČSB 7546/1999 D1
|p 17A1431449
|r 2026-02-21 22:08:51
|t č. 1-2
|w 2026-02-21
|y PREZ
|
| 952 |
|
|
|0 0
|1 0
|4 0
|7 0
|8 0
|a SNK
|b SNK
|d 2020-08-10
|i snk2020/14026
|l 0
|o snkČSB 7546/2000 D1
|p 17A1431450
|r 2026-02-21 22:08:52
|t č. 1-4 + 3 špecial. č., neúplné
|w 2026-02-21
|y PREZ
|z Chýba č. 2-4
|